00563 2200193 4500001002100000005001500021035002000036007000300056008004100059020001800100082001000118084001600128100002000144245004300164250001200207260003700219300005000256600006300306INLIS00000000000011320240426081312 a0010-0424000090ta240426 0  a9786026450289 a618.2 a618.2 ADE b0 aAdelina pratiwi1 aBuku Ajar keterampilan Dasar Kebidanan aPertama aJakarta :bSalemba Medika,c2019 a232 hal :btidak berwarna ;c15,5 X 24 cmeCD 4aKesehatan, pendidikan, kedokteran, keperawatan, kebidanan,